000 00793nam a22002177a 4500
005 20140819111639.0
010 _aB-536765-776
020 _c300.00
_a9788170006060
035 _a536765-776
037 _aDPL
_bKKP/Ven
082 _a020
100 _aLal, C.
245 _aObjective questions in library and information science :
_cby C. Lal and K. Kumar
_bfor Net (UGC), SLET, Set, JRF and other competitive tests /
250 _a4th edn.
260 _aNew Delhi
_bEss Ess Publications
_c2010
270 _a4837/24, Ansari Road, Darya Ganj
_bNew Delhi
_e110002 India
300 _a328p.
_c21cm(pbk)
700 _aKumar, K.
_943373
942 _2ddc
_cEN
_h020
_mLAL
999 _c87896
_d87896